Bibliographie Lyonnaise Cinquiéme série

Bibliographic Details
Format: Book
Language:Undetermined
PhysicalDescription:510 s.
Published: Paris Réimpression exacte de L´édition Originale 1964
Edition:1. franc. vyd.

MARC

LEADER 00000nam a2200000 a 4500
001 vtls001464398
003 SK-MaSNL
005 20260223222653.0
008 210928s1964 xx 0 und
035 |a SNK000419703 
040 |a SNK  |b slo  |c SNK  |e AACR2 
245 1 |a Bibliographie Lyonnaise  |b Cinquiéme série 
250 |a 1. franc. vyd. 
260 |a Paris  |b Réimpression exacte de L´édition Originale  |c 1964 
300 |a 510 s. 
958 |a OND 
999 |c 730283  |d 732213 
952 |a SNK  |b SNK  |c SNK_STHKF  |y PREZ  |7 0  |p 17A0406886  |o snkIB 45045/5  |i snkV 459/81  |8 2  |0 0  |1 0  |4 0  |d 2003-12-01  |l 0  |r 2005-01-02 00:00:00  |w 2026-02-23